[Event "Druzynowe Mistrzostwa Polski - II liga"]
[Site "Dom Wczasowy VIS Jastrzebia Gora"]
[Date "1899-12-30"]
[Round "8.111"]
[White "Dzierzak, Boguslaw"]
[Black "Rychlik, Hanna"]
[Result "1/2-1/2"]
[WhiteTitle "k"]
[BlackTitle "k"]
[WhiteElo "1958"]
[BlackElo "2043"]

1. e4 c5 2. Nf3 e6 3. d4 cxd4 4. Nxd4 Nf6 5. Nc3 d6 6. g4 h6 7. h4 Nc6 8. Rg1 h5
9. g5 Ng4 10. Nb3 Qb6 11. Qe2 Bd7 12. Bh3 a6 13. Bxg4 hxg4 14. Be3 Qc7 15. g6
f6 16. Qxg4 Ne5 17. Qe2 Rxh4 18. O-O-O b5 19. Rh1 Rxh1 20. Rxh1 b4 21. Nd1 Bb5
22. Qd2 Rc8 23. Nd4 Nxg6 24. f4 Qb7 25. Nf2 d5 26. Nxe6 dxe4 27. f5 Bc4 28. Nxf8
Nxf8 29. Rh8 Bxa2 30. Qd6 Qe7 31. Qxa6 Qc7 32. Qa4+ Qc6 33. Qxc6+ Rxc6 34. Nxe4
Bd5 35. Nc5 Kf7 36. Nb7 Rxc2+ 37. Kxc2 Bxb7 38. Kd3 Nd7 39. Bd4 Bd5 40. Rc8 g5
41. Rh8 Ba2 42. Rh7+ Ke8 43. Rh1 Bd5 44. Re1+ Kf7 45. Ra1 Ke7 46. Ke3 Bb3 47.
Ra7 Kd6 48. Ra6+ Ke7 49. Rc6 Bd5 50. Bc5+ Nxc5 51. Rxc5 Kd6 52. Kd4 Be4 53. Rb5
Bc2 54. Rb6+ 1/2-1/2

[Event "Druzynowe Mistrzostwa Polski - II liga"]
[Site "Dom Wczasowy VIS Jastrzebia Gora"]
[Date "1899-12-30"]
[Round "8.112"]
[White "Szmyd, Marek"]
[Black "Kalkowski, Igor"]
[Result "0-1"]
[WhiteTitle "k"]
[BlackTitle "I++"]
[WhiteElo "1885"]
[BlackElo "1893"]

1. e4 c5 2. Nc3 Nc6 3. Nf3 g6 4. d4 cxd4 5. Nxd4 Bg7 6. Be3 Nf6 7. Be2 O-O 8. O-O
d5 9. exd5 Nb4 10. Bf3 Nbxd5 11. Nxd5 Nxd5 12. Bxd5 Qxd5 13. c3 b6 14. Qf3 Qxf3
15. Nxf3 e5 16. Rfd1 f5 17. Bg5 Re8 18. Rd8 Rxd8 19. Bxd8 Be6 20. Bc7 e4 21. Nd4
Bxd4 22. cxd4 Rc8 23. Be5 Rc2 24. a4 a5 25. h4 Bd5 26. Bf4 Kf7 27. Rc1 Rxc1+ 28.
Bxc1 Ke6 29. Bf4 Kd7 30. Kf1 Bb3 31. Ke2 Bxa4 32. Kd2 Bb3 33. Kc3 Bd5 34. b4 a4
35. Bc1 e3 36. fxe3 b5 37. g3 Ke6 38. Kd2 Be4 39. Kc3 Kd5 40. Ba3 Bg2 41. Kd3
Bf1+ 42. Kd2 Ke4 43. Ke1 Bc4 44. Kf2 Kd3 45. Kf3 Kc3 46. Kf4 Kb3 47. Bc1 a3 48.
Bxa3 Kxa3 49. Kg5 Kxb4 50. Kh6 Be2 51. Kxh7 Bh5 52. Kg7 Kc4 53. Kf6 Kd5 54. Ke5+
Kxe5 0-1

[Event "Druzynowe Mistrzostwa Polski - II liga"]
[Site "Dom Wczasowy VIS Jastrzebia Gora"]
[Date "1899-12-30"]
[Round "8.113"]
[White "Juchniewicz-jasek, Joanna"]
[Black "Czaplewska, Klara"]
[Result "0-1"]
[WhiteTitle "II"]
[BlackTitle "k+"]
[WhiteElo "1281"]
[BlackElo "1866"]

1. d4 d6 2. c4 Nf6 3. Nf3 g6 4. Nc3 Bg7 5. Bg5 h6 6. Bf4 O-O 7. e3 Nbd7 8. Bd3
Re8 9. O-O e5 10. dxe5 dxe5 11. Nxe5 Nxe5 12. Bxe5 Rxe5 13. Qc2 Re8 14. Rad1 Qe7
15. Nd5 Nxd5 16. cxd5 Qd6 17. Rfe1 c6 18. Bc4 cxd5 19. Rxd5 Qf6 20. Rc5 Be6 21.
Bxe6 Qxe6 22. a3 Rac8 23. b4 Rxc5 24. Qxc5 b6 25. Qc7 Qe7 26. Qc4 Rd8 27. h3 Qd7
28. b5 Rc8 29. Qe2 Qc7 30. Qa2 Qc4 31. Qb1 Qc3 0-1

[Event "Druzynowe Mistrzostwa Polski - II liga"]
[Site "Dom Wczasowy VIS Jastrzebia Gora"]
[Date "1899-12-30"]
[Round "8.114"]
[White "Sliwicki, Damian"]
[Black "Gierulski, Kamil"]
[Result "1/2-1/2"]
[WhiteTitle "CM"]
[BlackTitle "k++"]
[WhiteElo "2140"]
[BlackElo "2247"]

1. e4 e5 2. Nf3 Nf6 3. Nc3 Nc6 4. d4 exd4 5. Nxd4 Bb4 6. Nxc6 bxc6 7. Bd3 O-O 8.
O-O d5 9. exd5 Bg4 10. f3 Bh5 11. dxc6 Qd4+ 12. Kh1 Bxc3 13. bxc3 Qxc3 14. Rb1
Qxc6 15. Bb5 Qe6 16. Ba3 Rfd8 17. Qe1 Qxa2 18. Be7 Rdb8 19. c4 a6 20. Rf2 Qxb1
21. Qxb1 axb5 22. Bxf6 Bg6 23. Qc1 gxf6 24. h4 b4 25. f4 b3 26. h5 Bc2 27. Qb2
Ra2 28. Qxf6 b2 29. Qg5+ Kf8 30. Qc5+ Kg8 31. Qg5+ Kf8 32. Qc5+ Kg8 33. Qg5+ Bf5
1/2-1/2

[Event "Druzynowe Mistrzostwa Polski - II liga"]
[Site "Dom Wczasowy VIS Jastrzebia Gora"]
[Date "1899-12-30"]
[Round "8.115"]
[White "Babiarz, Arkadiusz"]
[Black "Papka, Sebastian"]
[Result "1-0"]
[WhiteTitle "I++"]
[BlackTitle "k"]
[WhiteElo "1938"]
[BlackElo "2101"]

1. e4 c6 2. Nf3 d5 3. d3 Bg4 4. h3 Bxf3 5. Qxf3 e6 6. g3 g6 7. Bg2 Bg7 8. Qe2 Ne7
9. O-O O-O 10. c3 Nd7 11. f4 dxe4 12. dxe4 Qc7 13. Be3 f5 14. e5 Nd5 15. Bd4 c5
16. Bf2 Rfd8 17. a4 Rac8 18. Na3 a6 19. Nc4 Bf8 20. a5 Be7 21. Rfd1 Nf8 22. h4
Rd7 23. Bxd5 Rxd5 24. Rxd5 exd5 25. Nb6 Rd8 26. Rd1 Qc6 27. Nxd5 Kf7 28. Nb6 Rxd1+
29. Qxd1 Ne6 30. Qd7 Qxd7 31. Nxd7 Bd8 32. Nxc5 Nxc5 33. Bxc5 Bxa5 34. Kf1 Ke6
35. Ke2 Kd5 36. Bf2 Bd8 37. Kd3 b5 38. b3 Be7 39. c4+ Kc6 40. Ba7 Bb4 41. Bf2
Be7 42. Kc3 Bd8 43. Kb4 Bc7 44. cxb5+ axb5 45. Bc5 Bd8 46. e6 Bf6 47. e7 Kd7 48.
Kxb5 Bc3 49. Bf2 Kxe7 50. b4 Kd6 51. Kc4 Bf6 52. Bc5+ Kc7 53. b5 Bd8 54. Kd5 Kd7
55. b6 Bf6 56. Bd6 1-0

[Event "Druzynowe Mistrzostwa Polski - II liga"]
[Site "Dom Wczasowy VIS Jastrzebia Gora"]
[Date "1899-12-30"]
[Round "8.116"]
[White "Drozdowski, Konrad"]
[Black "Ziemniak, Piotr"]
[Result "1-0"]
[WhiteTitle "k"]
[BlackTitle "I+"]
[WhiteElo "2088"]
[BlackElo "1816"]

1. e4 c5 2. Nf3 d6 3. d4 cxd4 4. Nxd4 Nf6 5. f3 Nc6 6. c4 g6 7. Be3 Bg7 8. Nc3
a6 9. Qd2 O-O 10. Be2 Bd7 11. O-O Rc8 12. Rac1 Re8 13. Rfd1 Qa5 14. b3 Nxd4 15.
Bxd4 Bc6 16. Qb2 Nh5 17. Be3 Qe5 18. Qd2 Qa5 19. g3 Nf6 20. Qb2 Qh5 21. Rc2 Qh3
22. Qc1 Nd7 23. Bf1 Qh5 24. g4 Qa5 25. a3 Qc7 26. Nd5 Bxd5 27. Rxd5 Nb6 28. Rd1
Nd7 29. Qd2 Ne5 30. Be2 Red8 31. Rdc1 Qd7 32. h3 Qe6 33. Qb4 Qf6 34. Kg2 Nc6 35.
Qxb7 Nd4 36. Bxd4 Qxd4 37. Qxe7 Bf6 38. Rd1 Qe5 39. Qxe5 Bxe5 40. Rd5 Rc5 41.
b4 Rxd5 42. cxd5 Ra8 43. Rc6 Bb2 44. a4 Ba3 45. Bxa6 Bxb4 46. f4 Rd8 47. Kf3 Kf8
48. Bb5 Ke7 49. Rc7+ Kf8 50. Rb7 Ba5 51. Bc6 Rc8 52. Rb5 Bc7 53. Rb7 Ba5 54. e5
Bc7 55. Bd7 1-0

[Event "Druzynowe Mistrzostwa Polski - II liga"]
[Site "Dom Wczasowy VIS Jastrzebia Gora"]
[Date "1899-12-30"]
[Round "8.117"]
[White "Wasik, Roman"]
[Black "Zielinski, Olgierd"]
[Result "0-1"]
[WhiteTitle "I"]
[BlackTitle "I+"]
[WhiteElo "1387"]
[BlackElo "1800"]

1. Nf3 c5 2. c4 Nc6 3. d4 cxd4 4. Nxd4 g6 5. Nc3 Bg7 6. Nc2 Bxc3+ 7. bxc3 Qa5 8.
Bb2 Nf6 9. f3 d6 10. e4 Be6 11. Be2 Rc8 12. Nd4 Ne5 13. Nxe6 fxe6 14. Qb3 Kf7
15. f4 Ned7 16. Qb5 Qxb5 17. cxb5 Nxe4 18. c4 Ndf6 19. O-O Rc7 20. a4 Rhc8 21.
Rfd1 d5 22. Be5 Rd7 23. Rac1 dxc4 24. Rxd7 Nxd7 25. Bf3 Nec5 26. Bd4 Nb3 27. Rd1
Nxd4 28. Rxd4 c3 29. Bd1 Nf6 30. Bc2 Nd5 31. Kf2 b6 32. g3 Rc5 33. Ke2 Kf6 34.
Kd3 e5 35. fxe5+ Kxe5 36. Re4+ Kd6 37. Rd4 e5 38. Rh4 Nf6 39. Rc4 e4+ 40. Kxc3
Rxc4+ 41. Kxc4 Ke5 42. Bd1 Nd5 43. Be2 h6 44. h4 Ne3+ 45. Kb4 Nf5 46. h5 gxh5
47. Bxh5 Nxg3 48. Bd1 Kd4 49. Kb3 Kd3 50. Bc2+ Kd4 0-1

[Event "Druzynowe Mistrzostwa Polski - II liga"]
[Site "Dom Wczasowy VIS Jastrzebia Gora"]
[Date "1899-12-30"]
[Round "8.118"]
[White "Gorniewicz, Oskar"]
[Black "Wozniak, Grzegorz"]
[Result "1-0"]
[WhiteTitle "I"]
[BlackTitle "I"]
[WhiteElo "1911"]
[BlackElo "1579"]

1. d4 Nf6 2. Nf3 d5 3. c4 c6 4. e3 Bg4 5. Nbd2 e6 6. Be2 Bd6 7. c5 Bc7 8. b4 Nbd7
9. Bb2 O-O 10. O-O Qe7 11. Ne5 Bxe2 12. Qxe2 Nxe5 13. dxe5 Nd7 14. f4 f6 15. exf6
Nxf6 16. Nf3 Ne4 17. Rfc1 Rac8 18. Bd4 b6 19. Qa6 bxc5 20. bxc5 Qd7 21. Rab1 Rb8
22. Rb7 Rxb7 23. Qxb7 Rb8 24. Qxa7 Qc8 25. Qa4 Qb7 26. Qc2 Qa6 27. Nd2 Nxd2 28.
Qxd2 Qa4 29. Qf2 Qa3 30. Ra1 Qd3 31. Qe1 Rb5 32. a4 Ba5 33. Qf1 Rb3 34. Qxd3 Rxd3
35. Rb1 Ra3 36. Rb8+ Kf7 37. Rb7+ Kg6 38. g4 Bc3 39. Rxg7+ Kh6 40. g5+ Kh5 41.
Rxh7+ Kg6 42. Rh6+ Kf5 43. Bxc3 Rxc3 44. Kf2 Rxc5 45. Kf3 1-0

[Event "Druzynowe Mistrzostwa Polski - II liga"]
[Site "Dom Wczasowy VIS Jastrzebia Gora"]
[Date "1899-12-30"]
[Round "8.119"]
[White "Tokarz, Izabela"]
[Black "Sivickis, Wiktoria"]
[Result "1-0"]
[WhiteTitle "I++"]
[BlackTitle "I++"]
[WhiteElo "1821"]
[BlackElo "1723"]

1. d4 Nf6 2. c4 c5 3. d5 b5 4. cxb5 a6 5. bxa6 Bxa6 6. g3 d6 7. Bg2 g6 8. Bd2 Bg7
9. Bc3 Nbd7 10. Nh3 O-O 11. Nf4 h6 12. O-O Ng4 13. Qc2 Bxc3 14. Nxc3 Nde5 15.
b3 Qb6 16. Ne4 Rfb8 17. h3 Nf6 18. Nxf6+ exf6 19. Rfb1 Bb5 20. Be4 f5 21. Bd3
Nxd3 22. Nxd3 Qa6 23. Nf4 g5 24. Nh5 Bxe2 25. Nf6+ Kh8 26. Qb2 Qd3 27. Nh5+ Qd4
28. Qxe2 Qxd5 29. Rd1 Qe5 30. Qxe5+ dxe5 31. Rd5 Rxb3 32. Rxc5 Rba3 33. Rxe5 Rxa2
34. Rxa2 Rxa2 35. Rxf5 Ra7 36. Rf6 Kh7 37. g4 Rb7 38. Ng3 Kg7 39. Rc6 Rb4 40.
Nf5+ Kg8 41. Nxh6+ Kg7 42. Nf5+ Kg8 43. Kg2 Rb3 44. Rc8+ Kh7 45. Rc7 Kg6 46. Rc6+
Kh7 47. Rh6+ Kg8 48. Rh5 f6 49. Rh6 Kf7 50. Rh7+ Kg8 51. Rc7 Rb2 52. Rc6 Kf7 53.
Ng3 Kg6 54. Nh5 1-0

[Event "Druzynowe Mistrzostwa Polski - II liga"]
[Site "Dom Wczasowy VIS Jastrzebia Gora"]
[Date "1899-12-30"]
[Round "8.120"]
[White "Kempinski, Tomasz"]
[Black "Madej, Jaroslaw"]
[Result "1-0"]
[WhiteTitle "FM"]
[BlackTitle "I+"]
[WhiteElo "2181"]
[BlackElo "2029"]

1. e4 e6 2. d4 d5 3. Nc3 Nf6 4. exd5 exd5 5. Bd3 c6 6. h3 Be7 7. Qf3 b6 8. Nge2
Ba6 9. O-O Bxd3 10. Qxd3 O-O 11. Ng3 g6 12. Bh6 Re8 13. Rae1 Bf8 14. Bg5 Bg7 15.
Qd2 Nbd7 16. h4 Rxe1 17. Rxe1 Qf8 18. Nce2 Re8 19. f3 h5 20. Rc1 b5 21. Qa5 Ra8
22. a4 a6 23. Ra1 Qc8 24. axb5 cxb5 25. c3 Bf8 26. Nc1 Bd6 27. Nge2 Qb8 28. Nd3
Ne8 29. Bf4 Bxf4 30. Nexf4 Nb6 31. b3 Qd6 32. g3 Nc7 33. Kf2 Rc8 34. Qb4 Qf8 35.
Qc5 Nd7 36. Qc6 Nb8 37. Qb7 Qd8 38. Re1 a5 39. Ne5 Nba6 40. Nexg6 fxg6 41. Qc6
Rb8 42. Qxg6+ Kh8 43. Re5 1-0

[Event "Druzynowe Mistrzostwa Polski - II liga"]
[Site "Dom Wczasowy VIS Jastrzebia Gora"]
[Date "1899-12-30"]
[Round "8.121"]
[White "Gawronski, Lukasz"]
[Black "Paszek, Krzysztof"]
[Result "1-0"]
[WhiteTitle "I"]
[BlackTitle "k"]
[WhiteElo "1812"]
[BlackElo "2114"]

1. d4 Nf6 2. Bg5 Ne4 3. Bf4 c5 4. f3 Nf6 5. dxc5 Qa5+ 6. Qd2 Qxc5 7. Nc3 d6 8.
e4 a6 9. O-O-O e5 10. Be3 Qc7 11. g4 h6 12. h4 Be6 13. Bh3 b5 14. g5 hxg5 15.
hxg5 b4 16. Nd5 Nxd5 17. exd5 Bxh3 18. Nxh3 Qc4 19. Kb1 Nd7 20. g6 f6 21. b3 Qb5
22. Qg2 Be7 23. Qg4 Nf8 24. f4 Qd7 25. f5 Qb5 26. Nf2 Rg8 27. Rh4 a5 28. Qc4 Qd7
29. Qd3 Rc8 30. Rc4 Rxc4 31. bxc4 Rh8 32. Rh1 Rxh1+ 33. Nxh1 Qb7 34. Ng3 Qa6 35.
Nh5 Qb7 1-0

[Event "Druzynowe Mistrzostwa Polski - II liga"]
[Site "Dom Wczasowy VIS Jastrzebia Gora"]
[Date "1899-12-30"]
[Round "8.122"]
[White "Walkusz, Witoslaw"]
[Black "Brylski, Pawel"]
[Result "1/2-1/2"]
[WhiteTitle "FM"]
[BlackTitle "I+"]
[WhiteElo "1904"]
[BlackElo "1971"]

1. e4 d6 2. d4 Nf6 3. Nc3 Nbd7 4. Nf3 e5 5. dxe5 dxe5 6. Bc4 Bb4 7. O-O h6 8. Qd3
Qe7 9. Be3 c6 10. Rad1 O-O 11. Nh4 Nc5 12. Ng6 Nxd3 13. Nxe7+ Bxe7 14. Bxd3 Bb4
15. Bc5 1/2-1/2

[Event "Druzynowe Mistrzostwa Polski - II liga"]
[Site "Dom Wczasowy VIS Jastrzebia Gora"]
[Date "1899-12-30"]
[Round "8.123"]
[White "Mika, Tomasz"]
[Black "Demianowicz, Maciej"]
[Result "1/2-1/2"]
[WhiteTitle "I"]
[BlackTitle "I"]
[WhiteElo "1991"]
[BlackElo "1988"]

1. e4 c5 2. Nf3 Nc6 3. d4 cxd4 4. Nxd4 Nf6 5. Nc3 e5 6. Ndb5 h6 7. Nd6+ Bxd6 8.
Qxd6 Qe7 9. Qd1 O-O 10. Be2 d6 11. O-O Be6 12. Nd5 Bxd5 13. exd5 Nb8 14. c4 a5
15. Be3 Nfd7 16. a3 a4 17. f4 exf4 18. Bxf4 Ne5 19. Qd2 Nbd7 20. Rae1 Rae8 21.
Qc2 Nc5 22. Qf5 Qd7 23. Qxd7 Ncxd7 24. Bd1 Nc5 25. Bxe5 Rxe5 26. Rxe5 dxe5 27.
Bc2 Rd8 28. g4 Rd6 29. Rf2 Kf8 30. Re2 f6 31. Kg2 Ke7 32. Bf5 Rb6 33. h4 Kd6 34.
h5 Rb3 35. Rd2 b6 36. Bg6 b5 37. cxb5 Rxb5 38. Be8 Rb3 39. Rc2 Rb8 40. Bc6 Rb3
41. Be8 Rb8 42. Bc6 Rb3 43. Be8 Ne4 44. Bxa4 Rg3+ 45. Kh2 Rxg4 46. Kg2 1/2-1/2

[Event "Druzynowe Mistrzostwa Polski - II liga"]
[Site "Dom Wczasowy VIS Jastrzebia Gora"]
[Date "1899-12-30"]
[Round "8.124"]
[White "Andrzejewska, Anna"]
[Black "Jajte-pachota, Jerzy"]
[Result "1-0"]
[WhiteTitle "WCM"]
[BlackTitle "II"]
[WhiteElo "1910"]
[BlackElo "1817"]

1. e4 c6 2. d4 d5 3. Nc3 dxe4 4. Nxe4 Bf5 5. Ng3 Bg6 6. h4 h6 7. f4 e6 8. Nf3 Nd7
9. h5 Bh7 10. Bd3 Bxd3 11. Qxd3 Ngf6 12. Bd2 Qb6 13. O-O-O O-O-O 14. Qe2 Bd6 15.
Ne5 Rhf8 16. Nc4 Qc7 17. Nxd6+ Qxd6 18. c4 c5 19. Be3 Qc6 20. Kb1 b6 21. Rhe1
cxd4 22. Bxd4 Rg8 23. f5 Rge8 24. Qc2 e5 25. Bg1 Nc5 26. Rxd8+ Kxd8 27. Bxc5 Qxc5
28. Rd1+ Kc7 29. Ne4 Nxe4 30. Qxe4 Qc6 31. Qd3 f6 32. Qg3 Re7 33. Qa3 Rd7 34.
Qxa7+ Kc8 35. Qxd7+ Qxd7 36. Rxd7 Kxd7 37. Kc2 Kc6 38. Kd3 b5 39. cxb5+ Kxb5 40.
Ke4 Kc4 41. a4 Kc5 42. a5 Kb5 43. b4 Kc6 44. a6 Kc7 45. Kd5 Kb6 46. b5 Kc7 47.
a7 Kb7 48. b6 Ka8 49. Kc6 1-0

[Event "Druzynowe Mistrzostwa Polski - II liga"]
[Site "Dom Wczasowy VIS Jastrzebia Gora"]
[Date "1899-12-30"]
[Round "8.126"]
[White "Cichy, Kamil"]
[Black "Balinski, Damian"]
[Result "1/2-1/2"]
[WhiteTitle "k+"]
[BlackTitle "k"]
[WhiteElo "2195"]
[BlackElo "2188"]

1. e4 d6 2. d4 Nf6 3. Nc3 g6 4. h3 Bg7 5. Nf3 O-O 6. Be3 a6 7. a4 b6 8. Bd3 Bb7
9. O-O Nbd7 10. Qd2 c5 11. dxc5 dxc5 12. Bh6 c4 13. Bxc4 Nxe4 14. Nxe4 1/2-1/2

[Event "Druzynowe Mistrzostwa Polski - II liga"]
[Site "Dom Wczasowy VIS Jastrzebia Gora"]
[Date "1899-12-30"]
[Round "8.127"]
[White "Zerebiec, Maurycy"]
[Black "Miszczak, Dariusz"]
[Result "1-0"]
[WhiteTitle "I++"]
[BlackTitle "I+"]
[WhiteElo "1885"]
[BlackElo "1998"]

1. c4 e5 2. Nc3 c6 3. e4 Nf6 4. Nf3 Qc7 5. d3 h6 6. Be2 Bc5 7. O-O O-O 8. Rb1 a5
9. a3 d5 10. cxd5 cxd5 11. Nxd5 Nxd5 12. exd5 Rd8 13. b4 axb4 14. axb4 Be7 15.
Qb3 Bf5 16. Bb2 Bf6 17. Rbc1 Qd6 18. d4 e4 19. Ne5 Nd7 20. Bg4 Bxg4 21. Nxg4 Be7
22. f3 f5 23. Ne3 g6 24. fxe4 fxe4 25. Rc5 Kg7 26. Nc4 Qb8 27. d6 Bf6 28. Ne5
Bxe5 29. Qf7+ Kh8 30. dxe5 Ra2 31. Qxa2 1-0

[Event "Druzynowe Mistrzostwa Polski - II liga"]
[Site "Dom Wczasowy VIS Jastrzebia Gora"]
[Date "1899-12-30"]
[Round "8.128"]
[White "Spyra, Piotr"]
[Black "Grzesik, Norbert"]
[Result "1/2-1/2"]
[WhiteTitle "I"]
[BlackTitle "I++"]
[WhiteElo "1901"]
[BlackElo "1983"]

1. e4 c5 2. c3 g6 3. d4 cxd4 4. cxd4 d5 5. Nc3 dxe4 6. Bc4 Nf6 7. Qb3 e6 8. d5
exd5 9. Nxd5 Bg7 10. Bg5 O-O 11. Rd1 Nbd7 12. Qa3 a6 13. Ne2 h6 14. Nxf6+ Bxf6
15. Bxh6 Bg7 16. Bxg7 Kxg7 17. O-O Qh4 18. Qc3+ f6 19. Qb4 Re8 20. Qd6 Ne5 21.
Qc7+ Kh6 22. Nd4 Bg4 23. Be2 Bxe2 24. Nxe2 Rh8 25. Qc3 Kg7 26. Qc7+ Kh6 27. Qc3
Kg7 28. Qc7+ Kh6 1/2-1/2

[Event "Druzynowe Mistrzostwa Polski - II liga"]
[Site "Dom Wczasowy VIS Jastrzebia Gora"]
[Date "1899-12-30"]
[Round "8.129"]
[White "Rymaszewski, Dariusz"]
[Black "Malik, Maciej"]
[Result "0-1"]
[WhiteTitle "k"]
[BlackTitle "I++"]
[WhiteElo "2050"]
[BlackElo "1961"]

1. e4 c5 2. Nf3 Nc6 3. Bb5 g6 4. O-O Bg7 5. c3 Nf6 6. Re1 O-O 7. h3 a6 8. Bf1 Qc7
9. d4 cxd4 10. cxd4 d5 11. exd5 Nxd5 12. Nc3 e6 13. Bg5 Qb6 14. Na4 Qa7 15. Be3
Rd8 16. Rc1 Nxe3 17. fxe3 e5 18. Bc4 exd4 19. Ng5 Ne5 20. Nxf7 Nxf7 21. Bxf7+
Kh8 0-1

[Event "Druzynowe Mistrzostwa Polski - II liga"]
[Site "Dom Wczasowy VIS Jastrzebia Gora"]
[Date "1899-12-30"]
[Round "8.130"]
[White "Kotula, Pawel"]
[Black "Paprocki, Artur"]
[Result "1-0"]
[WhiteTitle "I"]
[BlackTitle "I"]
[WhiteElo "1740"]
[BlackElo "1800"]

1. d4 Nf6 2. c4 g6 3. Nc3 Bg7 4. e4 d6 5. f3 O-O 6. Be3 c6 7. Qd2 Nbd7 8. g4 e5
9. d5 cxd5 10. cxd5 a6 11. h4 b5 12. h5 Re8 13. Nge2 Nf8 14. Ng3 Bd7 15. Bh6 Rc8
16. Bd3 Qb6 17. Qg5 Bxh6 18. Qxh6 Bxg4 19. fxg4 Nxg4 20. Qd2 Nd7 21. Nd1 Ngf6
22. Ne3 Nc5 23. Ke2 Qd8 24. Rag1 Nfd7 25. Ng4 Nxd3 26. Kxd3 Rc4 27. Qh6 Rd4+ 28.
Kc2 Qc7+ 29. Kb1 Rd2 30. Qxd2 1-0

[Event "Druzynowe Mistrzostwa Polski - II liga"]
[Site "Dom Wczasowy VIS Jastrzebia Gora"]
[Date "1899-12-30"]
[Round "8.131"]
[White "Korosciel, Aneta"]
[Black "Buchta, Agnieszka"]
[Result "1-0"]
[WhiteTitle "m"]
[BlackTitle "k"]
[WhiteElo "1956"]
[BlackElo "1893"]

1. e4 c5 2. Nf3 e6 3. d4 cxd4 4. Nxd4 Nf6 5. Nc3 Nc6 6. Nxc6 bxc6 7. Bd3 d5 8.
O-O Be7 9. Bf4 Qb6 10. Rb1 Ba6 11. Re1 Bxd3 12. cxd3 O-O 13. Qc2 Rac8 14. b4 a5
15. Na4 Qa7 16. bxa5 Qxa5 17. Nb6 Rce8 18. Rec1 dxe4 19. dxe4 e5 20. Nc4 Qa6 21.
Bxe5 Ra8 22. Nb6 Rad8 23. a4 c5 24. Bxf6 Bxf6 25. Qxc5 Rd2 26. Nd5 Bd4 27. Qxf8+
Kxf8 28. Rb8+ Qc8 29. Rbxc8# 1-0

[Event "Druzynowe Mistrzostwa Polski - II liga"]
[Site "Dom Wczasowy VIS Jastrzebia Gora"]
[Date "1899-12-30"]
[Round "8.132"]
[White "Jakubowski, Jaroslaw"]
[Black "Palosz, Andrzej"]
[Result "1-0"]
[WhiteTitle "k"]
[BlackTitle "k"]
[WhiteElo "2103"]
[BlackElo "2023"]

1. e4 c5 2. Nf3 e6 3. d4 cxd4 4. Nxd4 a6 5. Nc3 Qc7 6. Be2 b5 7. a3 Nc6 8. Nxc6
dxc6 9. O-O Bb7 10. f4 Nf6 11. Bf3 e5 12. Kh1 Bd6 13. f5 O-O-O 14. Qe2 Bc5 15.
Nd1 h6 16. b4 Be7 17. Nf2 Nd7 18. Nd3 Nb6 19. Be3 Nc4 20. Bf2 Rd7 21. f6 Bxf6
22. Bg4 Be7 23. Nc5 Bxc5 24. Bxc5 Kb8 25. Bxd7 Qxd7 26. Rad1 Qe6 27. Rd3 Bc8 28.
h3 g6 29. Rfd1 f6 30. Rd8 Rxd8 31. Rxd8 f5 32. Qd3 g5 33. Qf3 Kc7 34. Rh8 Qg6
35. Qd3 Bd7 36. a4 Qg7 37. Rf8 h5 38. axb5 axb5 39. Ra8 g4 40. Ra7+ Kc8 41. Qd1
gxh3 42. gxh3 Qh7 43. Kh2 Qg7 44. Bf2 Ne3 45. Qf3 1-0

[Event "Druzynowe Mistrzostwa Polski - II liga"]
[Site "Dom Wczasowy VIS Jastrzebia Gora"]
[Date "1899-12-30"]
[Round "8.133"]
[White "Mlynarski, Kamil"]
[Black "Wloch, Mikolaj"]
[Result "0-1"]
[WhiteTitle "I++"]
[BlackTitle "I"]
[WhiteElo "1876"]
[BlackElo "1822"]

1. e4 c5 2. Nc3 d6 3. g3 g6 4. Bg2 Bg7 5. Nge2 Nf6 6. d3 Nc6 7. h3 O-O 8. O-O Bd7
9. Be3 Rb8 10. a4 a6 11. Qd2 Re8 12. f4 e6 13. g4 h6 14. g5 Nh7 15. h4 Nd4 16.
Ng3 b5 17. axb5 axb5 18. Nd1 Ra8 19. Rxa8 Qxa8 20. f5 exf5 21. exf5 Bc6 22. f6
Bxg2 23. Qxg2 Qxg2+ 24. Kxg2 Nxc2 0-1

[Event "Druzynowe Mistrzostwa Polski - II liga"]
[Site "Dom Wczasowy VIS Jastrzebia Gora"]
[Date "1899-12-30"]
[Round "8.134"]
[White "Olszewski, Marek"]
[Black "Pomagalski, Marcin"]
[Result "0-1"]
[WhiteTitle "k+"]
[BlackTitle "I++"]
[WhiteElo "1980"]
[BlackElo "1884"]

1. e4 c6 2. Nc3 d5 3. Nf3 Nf6 4. e5 Ne4 5. d3 Nxc3 6. bxc3 Bg4 7. h3 Bxf3 8. Qxf3
e6 9. Be2 c5 10. O-O Nc6 11. Qg3 Qc7 12. f4 O-O-O 13. Qf2 Be7 14. Be3 d4 15. Bd2
Qa5 16. Qe1 Qa4 17. Qb1 dxc3 18. Bxc3 Nd4 19. Bd1 f6 20. Be1 Qd7 21. Bf2 fxe5
22. fxe5 Rhf8 23. c3 Nc6 24. d4 cxd4 25. cxd4 Rxf2 26. Rxf2 Qxd4 27. Qb2 Bc5 28.
Qxd4 Bxd4 29. Rc1 Bxf2+ 30. Kxf2 Rd2+ 31. Kg3 Rxa2 32. Bf3 Kc7 33. Be4 h6 34.
Rf1 Nxe5 35. Rf8 Ra4 36. Bh7 Rd4 37. Re8 a5 38. Rxe6 Nc6 39. Bf5 Rd6 40. Re8 Rf6
41. Bd3 Rf7 42. Bc4 Re7 43. Ra8 Kd6 44. Kf4 Kc5 45. Bd3 b5 46. Be4 a4 0-1

[Event "Druzynowe Mistrzostwa Polski - II liga"]
[Site "Dom Wczasowy VIS Jastrzebia Gora"]
[Date "1899-12-30"]
[Round "8.135"]
[White "Pazdzierz, Piotr"]
[Black "Wisniewski, Jaroslaw"]
[Result "1-0"]
[WhiteTitle "I"]
[BlackTitle "I"]
[WhiteElo "1599"]
[BlackElo "1829"]

1. c4 g6 2. g3 Bg7 3. Bg2 c5 4. Nc3 Nc6 5. e3 d5 6. Nge2 Nf6 7. O-O O-O 8. d4 cxd4
9. Nxd4 Bd7 10. Bd2 Qc8 11. Nxc6 bxc6 12. Re1 Rb8 13. Rb1 Qa6 14. Qe2 Bg4 15.
f3 Be6 16. b3 Bd7 17. e4 Ne8 18. f4 e6 19. b4 Nc7 20. a4 Rfe8 21. b5 Qb6+ 22.
Kh1 1-0

[Event "Druzynowe Mistrzostwa Polski - II liga"]
[Site "Dom Wczasowy VIS Jastrzebia Gora"]
[Date "1899-12-30"]
[Round "8.136"]
[White "Szybowicz, Piotr"]
[Black "Skawinski, Szymon"]
[Result "1-0"]
[WhiteTitle "I++"]
[BlackTitle "I"]
[WhiteElo "1904"]
[BlackElo "1641"]

1. e4 e5 2. Nf3 Nc6 3. Bb5 a6 4. Ba4 Nf6 5. O-O Be7 6. Re1 b5 7. Bb3 O-O 8. c3
d6 9. h3 Nb8 10. d4 Nbd7 11. Nbd2 Bb7 12. Bc2 Re8 13. Nf1 Bf8 14. Ng3 g6 15. b3
c6 16. a4 Qc7 17. Bb2 Bg7 18. c4 bxc4 19. bxc4 exd4 20. Bxd4 c5 21. Bc3 Ne5 22.
Nxe5 dxe5 23. a5 Bc6 24. Nf1 Red8 25. Qf3 Nd7 26. Ne3 Rab8 27. Qe2 f6 28. Nd5
Bxd5 29. exd5 f5 30. Ba4 Re8 31. Qc2 Qd6 32. Rab1 e4 33. Bxg7 Kxg7 34. Qc3+ Kf7
35. Bxd7 Qxd7 36. Rb6 Rxb6 37. axb6 f4 38. Qa3 f3 39. Qxc5 Rc8 40. Qd4 Re8 41.
Rxe4 fxg2 42. Kxg2 Rxe4 43. Qxe4 Qd8 44. Qe6+ Kf8 45. b7 1-0

[Event "Druzynowe Mistrzostwa Polski - II liga"]
[Site "Dom Wczasowy VIS Jastrzebia Gora"]
[Date "1899-12-30"]
[Round "8.137"]
[White "Anyz, Monika"]
[Black "Roclawska, Julia"]
[Result "1-0"]
[WhiteTitle "I++"]
[BlackTitle "II"]
[WhiteElo "1735"]
[BlackElo "1243"]

1. e4 e5 2. Nf3 Nc6 3. d4 exd4 4. Bc4 Bc5 5. c3 Nge7 6. cxd4 Bb4+ 7. Nc3 d5 8.
exd5 Nxd5 9. O-O Nxc3 10. bxc3 Bxc3 11. Qb3 Ba5 12. Bxf7+ Kf8 13. Ba3+ Bb4 14.
Rfe1 Bd7 15. Bh5 g6 16. Bxb4+ Nxb4 17. Ne5 Kg7 18. Qf7+ Kh6 19. Nxd7 Kxh5 20.
Nf6+ Kh6 21. Ng4+ Kh5 22. Re5+ Kh4 23. g3+ Kh3 24. Ne3 1-0

[Event "Druzynowe Mistrzostwa Polski - II liga"]
[Site "Dom Wczasowy VIS Jastrzebia Gora"]
[Date "1899-12-30"]
[Round "9.1"]
[White "Szustakowski, Antoni"]
[Black "Czarnota, Pawel"]
[Result "1/2-1/2"]
[WhiteTitle "FM"]
[BlackTitle "GM"]
[WhiteElo "2311"]
[BlackElo "2505"]

1. d4 Nf6 2. c4 g6 3. Nc3 Bg7 4. e4 d6 5. Be2 O-O 6. Bg5 c5 7. d5 e6 8. Qd2 exd5
9. exd5 Qb6 10. Nf3 Bf5 11. Nh4 Ne4 12. Nxe4 Bxe4 13. f3 h6 14. Bxh6 Bxh6 15.
Qxh6 Qxb2 16. O-O Bc2 17. Rac1 Re8 18. Qd2 1/2-1/2

[Event "Druzynowe Mistrzostwa Polski - II liga"]
[Site "Dom Wczasowy VIS Jastrzebia Gora"]
[Date "1899-12-30"]
[Round "9.2"]
[White "Turski, Bartlomiej"]
[Black "Paprocki, Antoni"]
[Result "1/2-1/2"]
[WhiteTitle "FM"]
[BlackTitle "k"]
[WhiteElo "2380"]
[BlackElo "2074"]

1. e4 c6 2. d4 d5 3. Nc3 dxe4 4. Nxe4 Bf5 5. Ng3 Bg6 6. h4 h6 7. Nf3 e6 8. Ne5
Bh7 9. Bd3 Bxd3 10. Qxd3 Nd7 11. Qe2 Ngf6 12. Bd2 c5 13. dxc5 Bxc5 14. O-O-O Nxe5
15. Qxe5 Qd5 16. Qxd5 Nxd5 17. Ne4 1/2-1/2